<?xml version="1.0" encoding="UTF-8"?>
<record
    xmlns:xsi="http://www.w3.org/2001/XMLSchema-instance"
    xsi:schemaLocation="http://www.loc.gov/MARC21/slim http://www.loc.gov/standards/marcxml/schema/MARC21slim.xsd"
    xmlns="http://www.loc.gov/MARC21/slim">

  <leader>01236nam a22001817a 4500</leader>
  <controlfield tag="005">20220610083925.0</controlfield>
  <controlfield tag="008">220610b          mx ||||| |||| 00| 0 spa d</controlfield>
  <datafield tag="050" ind1="0" ind2="4">
    <subfield code="a">F1227 </subfield>
    <subfield code="b">R65 1966</subfield>
  </datafield>
  <datafield tag="100" ind1="1" ind2=" ">
    <subfield code="a">Romero Flores, Jes&#xFA;s</subfield>
    <subfield code="d">1885-1987</subfield>
  </datafield>
  <datafield tag="245" ind1="1" ind2="0">
    <subfield code="a">Estudios hist&#xF3;ricos /</subfield>
    <subfield code="c">Jes&#xFA;s Romero Flores.</subfield>
  </datafield>
  <datafield tag="250" ind1=" " ind2=" ">
    <subfield code="a">1a ed.</subfield>
  </datafield>
  <datafield tag="260" ind1=" " ind2=" ">
    <subfield code="a">M&#xE9;xico :</subfield>
    <subfield code="b">B. Costa Amic,</subfield>
    <subfield code="c">1966</subfield>
  </datafield>
  <datafield tag="300" ind1=" " ind2=" ">
    <subfield code="a">volumenes ;</subfield>
    <subfield code="c">20 cm.</subfield>
  </datafield>
  <datafield tag="504" ind1=" " ind2=" ">
    <subfield code="a">Incluye bibliograf&#xED;a e &#xED;ndice.</subfield>
  </datafield>
  <datafield tag="505" ind1=" " ind2=" ">
    <subfield code="t">v.1.Chapultepec en la historia de M&#xE9;xico, historia de la constituci&#xF3;n de Apatzing&#xE1;n, Melchor Ocampo: El filosofo de la Reforma, J&#xF3;venes ilustres de la Historia de M&#xE9;xico, Francisco I. Madero : Ap&#xF3;stol de la Democracia, la Revoluci&#xF3;n Mexicana --  </subfield>
    <subfield code="t">v.2. La Evoluci&#xF3;n de la Ense&#xF1;anza, La Revoluci&#xF3;n de Ayutla la Reforma Social en M&#xE9;xico, La Gloriosa defensa de Puebla, La Etapa Porfirista en el estado de  Zacatecas, El periodismo en M&#xE9;xico --</subfield>
    <subfield code="t">v.3.Los antiguos Purhepecha, Don Vasco de Quiroga, Don Juan Jos&#xE9; Pastor Morales, Do&#xF1;a Gertrudis Bocanegra, Historia de la Educaci&#xF3;n en Michoac&#xE1;n, La Escuela de la Educaci&#xF3;n en Michoac&#xE1;n, La Escuela de Medicina en Michoac&#xE1;n.</subfield>
  </datafield>
  <datafield tag="650" ind1=" " ind2="7">
    <subfield code="2">lemb</subfield>
    <subfield code="a">Investigaci&#xF3;n hist&#xF3;rica </subfield>
    <subfield code="x">Historia de M&#xE9;xico</subfield>
  </datafield>
  <datafield tag="942" ind1=" " ind2=" ">
    <subfield code="2">lcc</subfield>
    <subfield code="c">LIB</subfield>
  </datafield>
  <datafield tag="999" ind1=" " ind2=" ">
    <subfield code="c">78401</subfield>
    <subfield code="d">78401</subfield>
  </datafield>
  <datafield tag="952" ind1=" " ind2=" ">
    <subfield code="1">0</subfield>
    <subfield code="2">lcc</subfield>
    <subfield code="4">0</subfield>
    <subfield code="7">0</subfield>
    <subfield code="a">INV-033</subfield>
    <subfield code="b">INV-033</subfield>
    <subfield code="c">GENERAL</subfield>
    <subfield code="d">2022-06-10</subfield>
    <subfield code="e">DON</subfield>
    <subfield code="f">1a ed.</subfield>
    <subfield code="i">H</subfield>
    <subfield code="k">CSA</subfield>
    <subfield code="o">F1226 R66 1966 </subfield>
    <subfield code="p">IIH000018478</subfield>
    <subfield code="r">2017-06-21 00:00:00</subfield>
    <subfield code="t">V.I C:1</subfield>
    <subfield code="v">1.00</subfield>
    <subfield code="y">LIB</subfield>
  </datafield>
  <datafield tag="952" ind1=" " ind2=" ">
    <subfield code="1">0</subfield>
    <subfield code="2">lcc</subfield>
    <subfield code="4">0</subfield>
    <subfield code="7">0</subfield>
    <subfield code="a">INV-033</subfield>
    <subfield code="b">INV-033</subfield>
    <subfield code="c">GENERAL</subfield>
    <subfield code="d">2022-06-10</subfield>
    <subfield code="e">DON</subfield>
    <subfield code="f">1a ed.</subfield>
    <subfield code="i">H</subfield>
    <subfield code="k">CSA</subfield>
    <subfield code="o">F1226 R66 1966 </subfield>
    <subfield code="p">IIH000018479</subfield>
    <subfield code="r">2017-06-21 00:00:00</subfield>
    <subfield code="t">V. II C:1</subfield>
    <subfield code="v">1.00</subfield>
    <subfield code="y">LIB</subfield>
  </datafield>
  <datafield tag="952" ind1=" " ind2=" ">
    <subfield code="1">0</subfield>
    <subfield code="2">lcc</subfield>
    <subfield code="4">0</subfield>
    <subfield code="7">0</subfield>
    <subfield code="a">INV-033</subfield>
    <subfield code="b">INV-033</subfield>
    <subfield code="c">GENERAL</subfield>
    <subfield code="d">2022-06-10</subfield>
    <subfield code="e">DON</subfield>
    <subfield code="f">1a ed.</subfield>
    <subfield code="i">H</subfield>
    <subfield code="k">CSA</subfield>
    <subfield code="o">F1226 R66 1966 </subfield>
    <subfield code="p">IIH000033131</subfield>
    <subfield code="r">2022-06-10 00:00:00</subfield>
    <subfield code="t">V.I C:2</subfield>
    <subfield code="v">1.00</subfield>
    <subfield code="y">LIB</subfield>
  </datafield>
  <datafield tag="952" ind1=" " ind2=" ">
    <subfield code="1">0</subfield>
    <subfield code="2">lcc</subfield>
    <subfield code="4">0</subfield>
    <subfield code="7">0</subfield>
    <subfield code="a">INV-033</subfield>
    <subfield code="b">INV-033</subfield>
    <subfield code="c">GENERAL</subfield>
    <subfield code="d">2022-06-10</subfield>
    <subfield code="e">DON</subfield>
    <subfield code="f">1a ed.</subfield>
    <subfield code="i">H</subfield>
    <subfield code="k">CSA</subfield>
    <subfield code="o">F1226 R66 1966 </subfield>
    <subfield code="p">IIH000033132</subfield>
    <subfield code="r">2022-06-10 00:00:00</subfield>
    <subfield code="t">V. II C:2</subfield>
    <subfield code="v">1.00</subfield>
    <subfield code="y">LIB</subfield>
  </datafield>
</record>
